| 000 | 00429nam a22001457a 4500 | ||
|---|---|---|---|
| 999 |
_c524033 _d524033 |
||
| 020 | _a0-671-71171-7 | ||
| 040 | _cNUST | ||
| 082 |
_a920-02 _bHAR |
||
| 100 |
_aHart, Michael H. _914859 |
||
| 245 |
_aThe 100 : _bA ranking of the most influential persons in history / _cMichael H. Hart. |
||
| 260 |
_aNew York : _bSimon & Schuster Ltd, _c1992. |
||
| 300 |
_aill, 556 p. ; _c24 cm. |
||
| 500 | _aIncludes Indexes. | ||
| 942 |
_2ddc _cBK |
||